NLSUI OPAC header image

The oxford handbook of political behavior / (Record no. 113339)

MARC details
000 -LEADER
fixed length control field 01423cam a2200361 a 4500
001 - CONTROL NUMBER
control field 14709156
003 - CONTROL NUMBER IDENTIFIER
control field OSt
005 - DATE AND TIME OF LATEST TRANSACTION
control field 20190404202414.0
008 - FIXED-LENGTH DATA ELEMENTS--GENERAL INFORMATION
fixed length control field 070124s2007 enka b 001 0 eng
010 ## - LIBRARY OF CONGRESS CONTROL NUMBER
LC control number 2007003074
015 ## - NATIONAL BIBLIOGRAPHY NUMBER
National bibliography number GBA724018
Source bnb
016 7# - NATIONAL BIBLIOGRAPHIC AGENCY CONTROL NUMBER
Record control number 013704202
Source Uk
020 ## - INTERNATIONAL STANDARD BOOK NUMBER
International Standard Book Number 9780199270125
035 ## - SYSTEM CONTROL NUMBER
System control number (OCoLC)ocm80360489
035 ## - SYSTEM CONTROL NUMBER
System control number (OCoLC)80360489
040 ## - CATALOGING SOURCE
Original cataloging agency DLC
Transcribing agency DLC
Modifying agency UKM
-- BTCTA
-- BAKER
-- BWKUK
-- YDXCP
-- OCL
-- DLC
050 00 - LIBRARY OF CONGRESS CALL NUMBER
Classification number JA74.5
Item number .O93 2007
082 00 - DEWEY DECIMAL CLASSIFICATION NUMBER
Classification number 306.2
Edition number 22
245 04 - TITLE STATEMENT
Title The oxford handbook of political behavior /
Statement of responsibility, etc. edited by Russell J. Dalton and Hans-Dieter Klingemann.
246 30 - VARYING FORM OF TITLE
Title proper/short title Political behavior
260 ## - PUBLICATION, DISTRIBUTION, ETC.
Place of publication, distribution, etc. Oxford ;
-- New York :
Name of publisher, distributor, etc. Oxford University Press,
Date of publication, distribution, etc. 2007.
300 ## - PHYSICAL DESCRIPTION
Extent xvi, 992 p. :
Other physical details ill. ;
Dimensions 26 cm.
440 #0 - SERIES STATEMENT/ADDED ENTRY--TITLE
Title Oxford handbooks of political science
504 ## - BIBLIOGRAPHY, ETC. NOTE
Bibliography, etc. note Includes bibliographical references and indexes.
650 #0 - SUBJECT ADDED ENTRY--TOPICAL TERM
Topical term or geographic name entry element Political psychology.
650 #0 - SUBJECT ADDED ENTRY--TOPICAL TERM
Topical term or geographic name entry element Political sociology.
700 1# - ADDED ENTRY--PERSONAL NAME
Personal name Dalton, Russell J.
700 1# - ADDED ENTRY--PERSONAL NAME
Personal name Klingemann, Hans-Dieter.
856 41 - ELECTRONIC LOCATION AND ACCESS
Uniform Resource Identifier <a href="http://www.oxfordhandbooks.com/view/10.1093/oxfordhb/9780199270125.001.0001/oxfordhb-9780199270125?rskey=a6kyF6&result=36">http://www.oxfordhandbooks.com/view/10.1093/oxfordhb/9780199270125.001.0001/oxfordhb-9780199270125?rskey=a6kyF6&result=36</a>
906 ## - LOCAL DATA ELEMENT F, LDF (RLIN)
a 7
b cbc
c orignew
d 1
e ecip
f 20
g y-gencatlg
942 ## - ADDED ENTRY ELEMENTS (KOHA)
Source of classification or shelving scheme Dewey Decimal Classification
Koha item type E-Books - Cambridge, Bloomsbury, Oxford Handbooks & West Academic
Holdings
Withdrawn status Lost status Source of classification or shelving scheme Damaged status Not for loan Home library Current library Shelving location Date acquired Source of acquisition Total Checkouts Full call number Barcode Date last seen Price effective from Koha item type
    Dewey Decimal Classification     . .   04.04.2019 Purchased   306.2 EBK-278 04.04.2019 04.04.2019 E-Books - Cambridge, Bloomsbury, Oxford Handbooks & West Academic